<?xml version="1.0" encoding="UTF-8"?>
<marc:record xmlns:marc="http://www.loc.gov/MARC21/slim">
   <marc:leader>00000nam a2200000 a 4500</marc:leader>
   <marc:datafield ind1=" " ind2=" " tag="653">
      <marc:subfield code="a">Ratgeber / Lebenshilfe</marc:subfield>
   </marc:datafield>
   <marc:datafield ind1=" " ind2=" " tag="653">
      <marc:subfield code="a">Negative Gefühle / Themenheft</marc:subfield>
   </marc:datafield>
   <marc:datafield ind1="0" ind2="0" tag="245">
      <marc:subfield code="a">Psychologie Heute compact 2019 / 59</marc:subfield>
   </marc:datafield>
   <marc:datafield ind1="0" ind2="0" tag="245">
      <marc:subfield code="b">Negative Gefühle - Schuld, Scham, Eifersucht: Unliebsame Emotionen ergründen und an ihnen wachsen</marc:subfield>
   </marc:datafield>
   <marc:datafield ind1=" " ind2="1" tag="264">
      <marc:subfield code="a">Weinheim Basel</marc:subfield>
      <marc:subfield code="b">Beltz &amp; Gelberg</marc:subfield>
      <marc:subfield code="c">2019</marc:subfield>
   </marc:datafield>
   <marc:datafield ind1=" " ind2=" " tag="250">
      <marc:subfield code="a">2019 / 59</marc:subfield>
   </marc:datafield>
   <marc:datafield ind1="1" ind2=" " tag="520">
      <marc:subfield code="a">Wenn wir die Wahl hätten, würden wir vielleicht gerne ganz auf sie verzichten: negative Gefühle. Doch die haben wir nicht und so leben wir mit den unerwünschten Emotionen, erfahren Wut, Liebeskummer, Neid und Angst. Doch dunkle Emotionen sind nicht unsere Feinde. Sie zeigen, wo etwas im Argen liegt in unserem Leben oder in unserer Psyche. Wenn wir uns mit ihnen beschäftigen, können wir nicht nur lernen, souveräner mit ihnen umzugehen, sondern sie sogar nutzen, um unser Potential besser entfalten. Mehr über negative Gefühle und einen gelungenen Umgang damit lesen Sie in unserem Themenheft aus der Reihe "Psychologie Heute compact". (Verlagsinformation)</marc:subfield>
   </marc:datafield>
   <marc:datafield ind1=" " ind2=" " tag="022">
      <marc:subfield code="a">4194325408507</marc:subfield>
   </marc:datafield>
   <marc:datafield ind1=" " ind2=" " tag="041">
      <marc:subfield code="a">ger</marc:subfield>
   </marc:datafield>
   <marc:datafield ind1=" " ind2=" " tag="300">
      <marc:subfield code="a">97 Seiten</marc:subfield>
   </marc:datafield>
</marc:record>
